logo

Bir Sreshtho Munshi Abdur Rouf Library
Jhenaidah Cadet College

ইসলাম ও আমাদের জীবন-১ : (Record no. 11470)

MARC details
000 -LEADER
fixed length control field 01276nam a2200241 a 4500
001 - CONTROL NUMBER
JCCL Control Number 11470
003 - CONTROL NUMBER IDENTIFIER
JCCL marc code BD-JhCC
005 - DATE AND TIME OF LATEST TRANSACTION
control field 20190925085047.0
008 - FIXED-LENGTH DATA ELEMENTS--GENERAL INFORMATION
fixed length control field 190625b20122018bg |||| ||a| 000 0 ben d
020 ## - INTERNATIONAL STANDARD BOOK NUMBER
International Standard Book Number 9789848950166
035 ## - SYSTEM CONTROL NUMBER
system control number (BD-JhCC)11470
040 ## - CATALOGING SOURCE
Original cataloging agency BD-JhCC
Modifying agency BD-JhCC
041 ## - LANGUAGE CODE
Language code of Book ben
082 ## - DEWEY DECIMAL CLASSIFICATION NUMBER
Author mark and Year USM 2018
Classification number 297
100 ## - MAIN ENTRY--PERSONAL NAME
Personal name উসমানী, শাইখুল ইসলাম মুফতী মুহাম্মাদ তাকী
245 ## - TITLE STATEMENT
Title ইসলাম ও আমাদের জীবন-১ :
Remainder of title ইসলামী আকীদা-বিশ্বাস /
Statement of responsibility, etc শাইখুল ইসলাম মুফতী মুহাম্মাদ তাকী উসমানী, অনু : মাওলানা আবুল বাশার মুহাম্মাদ সাইফুল ইসলাম ।
260 ## - PUBLICATION, DISTRIBUTION, ETC. (IMPRINT)
Place of publication, distribution, etc ঢাকা:
Name of publisher, distributor, etc মাকতাবাতুল আশরাফ দ্বীনী গ্রন্থের আস্থার ঠিকানা;
Date of publication, distribution, etc ২০১৮.
300 ## - PHYSICAL DESCRIPTION
Pagination ৪১৬ পৃ. :
Dimensions ২২ সেমি.
650 ## - SUBJECT ADDED ENTRY--TOPICAL TERM
Topical term or geographic name as entry element Islami Aqida
700 ## - ADDED ENTRY--PERSONAL NAME
Personal name ইসলাম, মাওলানা আবুল বাশার মুহাম্মাদ সাইফুল
942 ## - ADDED ENTRY ELEMENTS (KOHA)
Source of classification or shelving scheme Dewey Decimal Classification
Koha item type Books
Holdings
Source of classification or shelving scheme Damaged status Not for loan Home library Current library Shelving location Date of accession Cost, normal purchase price Total Checkouts Full call number Barcode Date last seen Copy number Koha item type
Dewey Decimal Classification     JCC Rouf Library JCC Rouf Library General Stacks 06/25/2019 280.00   297 USM 2018 15697 09/25/2019 C-1 Books

JCC Library | Contacts | JCC Home

Last Update on 23 September 2017
Copyright @ 2017-2020 JCC Rouf Library
Rouf Library, Jhenidah Cadet College (JCC), Bangladesh